[Event "GER-chT Christmas U16 Steinitz"]
[Site "Playchess.com INT"]
[Date "2020.12.28"]
[Round "2.1"]
[White "Gavrylyuk, Oleksandr"]
[Black "Wunsch, Louis"]
[Result "0-1"]
[WhiteElo "1030"]
[BlackElo "1649"]
[PlyCount "50"]
[EventDate "2020.12.28"]
[EventType "team-swiss (blitz)"]
[EventRounds "7"]
[EventCountry "GER"]
[SourceTitle "CBM 200 Extra"]
[Source "ChessBase"]
[SourceDate "2021.03.31"]
[SourceVersion "1"]
[SourceVersionDate "2021.03.31"]
[SourceQuality "1"]
[WhiteTeam "Rostock Makkabi III"]
[BlackTeam "Kuppenheim"]
[WhiteTeamCountry "GER"]
[BlackTeamCountry "GER"]

1. e4 c6 2. Nf3 d5 3. exd5 cxd5 4. Bb5+ Bd7 5. Bxd7+ Nxd7 6. 0-0 Ngf6 7. c3 e6 8. d4 Bd6 9. Re1 0-0 10. Nbd2 Qc7 11. Nf1 Ne4 12. Ng3 Ndf6 13. Nxe4 Nxe4 14. h3 h6 15. Nd2 f5 16. Nxe4 fxe4 17. Qg4 Rf6 18. Re3 Raf8 19. Re2 Qf7 20. Be3 Rg6 21. Qh4 Qf3 22. g4 Qxe2 23. Qh5 Rgf6 24. Rf1 Bf4 25. Bxf4 Rxf4 0-1

[Event "GER-chT Christmas U16 Steinitz"]
[Site "Playchess.com INT"]
[Date "2020.12.28"]
[Round "7.1"]
[White "Wunsch, Louis"]
[Black "Huber, Benedikt"]
[Result "1-0"]
[WhiteElo "1649"]
[BlackElo "1613"]
[PlyCount "143"]
[EventDate "2020.12.28"]
[EventType "team-swiss (blitz)"]
[EventRounds "7"]
[EventCountry "GER"]
[SourceTitle "CBM 200 Extra"]
[Source "ChessBase"]
[SourceDate "2021.03.31"]
[SourceVersion "1"]
[SourceVersionDate "2021.03.31"]
[SourceQuality "1"]
[WhiteTeam "Kuppenheim"]
[BlackTeam "Kelheim II"]
[WhiteTeamCountry "GER"]
[BlackTeamCountry "GER"]

1. c4 e5 2. g3 Nf6 3. Bg2 Nc6 4. Nc3 Bc5 5. e3 d6 6. Nge2 a6 7. 0-0 0-0 8. a3 Ba7 9. b4 Rb8 10. d4 exd4 11. Nxd4 Bd7 12. Nxc6 Bxc6 13. Bxc6 bxc6 14. Bb2 Re8 15. Qf3 Qd7 16. Rad1 Rbd8 17. c5 Re6 18. Ne2 Qe8 19. Nf4 Re7 20. Bxf6 gxf6 21. Qg4+ Kh8 22. Nh5 Qg8 23. Nxf6 Qxg4 24. Nxg4 Ree8 25. Nh6 Kg7 26. Nf5+ Kf6 27. Nd4 dxc5 28. Nxc6 Rxd1 29. Rxd1 Bb6 30. Kg2 Re6 31. bxc5 Bxc5 32. Nd4 Rd6 33. Rc1 Bxd4 34. exd4 c6 35. Rc4 Ke6 36. Kf3 Kd5 37. Ra4 c5 38. dxc5 Kxc5 39. h4 Kb5 40. Rb4+ Ka5 41. Ke4 Rf6 42. f4 Re6+ 43. Kf3 Rc6 44. Rb7 Rf6 45. g4 Ka4 46. g5 Rf5 47. Kg4 Rc5 48. Rxf7 Kxa3 49. Ra7 a5 50. f5 a4 51. f6 Kb4 52. f7 Rc8 53. Kh5 a3 54. Kh6 Kb3 55. Kg7 a2 56. f8Q Rxf8 57. Kxf8 Kb2 58. Rxa2+ Kxa2 59. Kg7 Kb3 60. Kxh7 Kc4 61. g6 Kd4 62. g7 Ke4 63. g8Q Kd3 64. Qe6 Kd4 65. Kg6 Kc5 66. Kf5 Kb4 67. Qd5 Kc3 68. Ke4 Kb4 69. Kd4 Ka3 70. Qb5 Ka2 71. Kc3 Ka1 72. Qb2# 1-0